Tratado elemental de derecho romano. Desarrollo histórico y exposición general de los principios de la legislación romana desde el origen de Roma hasta el Emperador Justiniano.
Gespeichert in:
| 1. Verfasser: | |
|---|---|
| Format: | Buch |
| Veröffentlicht: |
Buenos Aires, Argentina:
Albatros,
1961.
|
| Schlagworte: | |
| Tags: |
Tag hinzufügen
Keine Tags, Fügen Sie den ersten Tag hinzu!
|
MARC
| LEADER | 00000nam a2200000 a 4500 | ||
|---|---|---|---|
| 001 | UCL8100 | ||
| 003 | CL-VaPUC | ||
| 005 | 20220822114547.0 | ||
| 008 | 220706t1961 ||||| |||| 00| 0 eng d | ||
| 999 | |c 436730 |d 436728 | ||
| 040 | |c Pontificia Universidad Católica de Valparaíso | ||
| 082 | 0 | 4 | |a 340.54 PET 1961 |2 21 |
| 100 | 0 | |a Petit, Eugene |e autor |9 486051 | |
| 245 | 1 | 0 | |a Tratado elemental de derecho romano. |b Desarrollo histórico y exposición general de los principios de la legislación romana desde el origen de Roma hasta el Emperador Justiniano. |
| 260 | |a Buenos Aires, Argentina: |b Albatros, |c 1961. | ||
| 300 | |a 979 páginas. | ||
| 500 | |a c.1 Donación Familia Prof. Alejandro Guzmán Brito. | ||
| 583 | |a last modification |c 20040611 00:00:00 |k Cristina María Rojas Aguilar | ||
| 650 | |a Derecho romano |x Historia |9 866196 | ||
| 942 | |c BK |2 ddc |n 0 | ||
| 952 | |0 0 |1 0 |2 ddc |4 0 |6 340_540000000000000_PET_1961 |7 0 |8 C_AGB |9 584427 |a BIBDER |b BIBDER |d 2022-07-06 |e Donación |i 5652541 |o 340.54 PET 1961 |p 5652541 |r 2023-01-25 |t 1 |w 2022-07-06 |y BK_US |k AGB | ||